000 00367nam a2200157Ia 4500
003 OSt
005 20240217110154.0
008 170523s9999 xx 000 0 und d
020 _a978-9351611479
040 _ciimt university meerut
100 _aGUPTA- GUPTA
245 0 _aPRINCIPLES OF ACCOUNTANCY (H)
260 _bNEWMAN PRAK
260 _c1995
942 _2ddc
_c02
999 _c474
_d474